00604cam a2200157Ia 4500020001500000040000800015082002600023100002000049245005300069246002300122260003100145300005800176500002600234500015500260650003100415 a0333655494 cEUN a944 MAC 1996 A102 Or.1 aHorne, Alistair10aHow far from Austerlitz? :bNapoleon 1805-1815 /30aNapoleon 1805-1815 aLondon :bMacmillan,c1996 axxvi, 429 p., [8] p. of plates :bill., maps ;c24 cm aMaps on lining papers a"Parts of this book were originally published 1979 by William Morrow and Company Inc., New York, as: Napoleon, master of Europe 1805-1807"--T.p. verso 0aNapoleonic Wars, 1800-1815